000 00850nam a2200253Ia 4500
003 OSt
005 20220923212955.0
006 a|||||r|||| 00| 0
007 ta
008 220922b |||||||| |||| 00| 0 hin d
024 _a157,705
037 _cTextual
040 _aARTS
_cARTS
_bhin
041 _2hin
_ahin
082 _aO152,1vN, L4
100 _aझा, शैलेन्द्र मोहन
_9162852
245 0 _aब्रज बोली साहित्य
246 _aBraj bolī sāhitya
260 _aपटना
_b बिहार हिन्दी ग्रंथ अकादमी
_c1974
300 _a343 पृ.
_ccm.
650 _aहिन्दी साहित्य
_9156264
942 _hO152,1vN, L4
_cTEXL
_2CC
999 _c312787
_d312787